01056cam a2200325 a 4500999001900000001000900019003000500028005001700033008004100050010001700091020001800108022001400126035002300140038001200163040003000175042001400205050002100219082001900240100002700259245006500286250000800351260005300359300003500412504006400447650002900511700003800540906004500578942001200623952009500635 c535589d53558914066676NUST20200917150107.0050806s2006 njua b 001 0 eng d a 2005279718 a9783319910406 20172-6056 a(OCoLC)ocm57546461 aMSOHAIL aTEFcTEFdOCLdBAKERdDLC alccopycat00aQA184b.O49 200600a512.5222bOLV1 aOlver, Peter J.93026210aApplied linear algebra /cPeter J. Olver, Chehrzad Shakiban. a2nd aUpper Saddle River, NJ :bPrentice Hall,cc2006. axxii, 679 p. :bill. ;c27 cm. aIncludes bibliographical references (p. 650-652) and index. 0aAlgebras, Linear.9107201 aShakiban, Chehrzad,d1951-930263 a7bcbcccopycatd2encipf20gy-gencatlg 2ddccBK 00102ddc4070aNITbNITd2020-09-18l0o512.5 OLVpNIT-13292r2020-09-18w2020-09-18yBK